ISO 9000 SYSTEM DESIGNING AND DOCUMENTATION / (Record no. 529591)
[ view plain ]
| 000 -LEADER | |
|---|---|
| fixed length control field | 00277nam a22001097a 4500 |
| 082 ## - DEWEY DECIMAL CLASSIFICATION NUMBER | |
| Classification number | 658.562 |
| 100 ## - MAIN ENTRY--PERSONAL NAME | |
| Personal name | PIQC |
| 245 ## - TITLE STATEMENT | |
| Title | ISO 9000 SYSTEM DESIGNING AND DOCUMENTATION / |
| Statement of responsibility, etc. | PIQC |
| 300 ## - PHYSICAL DESCRIPTION | |
| Extent | 73 p. |
| 942 ## - ADDED ENTRY ELEMENTS (KOHA) | |
| Source of classification or shelving scheme | |
| Koha item type | Book |
| Withdrawn status | Lost status | Source of classification or shelving scheme | Damaged status | Not for loan | Permanent Location | Current Location | Shelving location | Date acquired | Full call number | Barcode | Date last seen | Price effective from | Koha item type | Total Checkouts |
|---|---|---|---|---|---|---|---|---|---|---|---|---|---|---|
| Central Library (CL) | Central Library (CL) | Management Sciences | 09/28/2019 | 658.562 PIQ | NBS3611 | 09/28/2019 | 09/28/2019 | Book | ||||||
| Central Library (CL) | Central Library (CL) | Management Sciences | 09/28/2019 | 658.562 PIQ | NBS3612 | 09/28/2019 | 09/28/2019 | Book |
